| 000 | 00649nam a22001817a 4500 | ||
|---|---|---|---|
| 999 |
_c14885 _d14885 |
||
| 003 | OSt | ||
| 082 | _2664 SRI/DE | ||
| 088 | _aT 354 | ||
| 100 |
_aSRIKANTH VANKAYALAPATI _93597 |
||
| 245 | _aDevelopment and Evaluation of a Continuous Cocoa Pod Breaker | ||
| 260 |
_aTavanur 2017 _bDepartment of Food and Agricultural Process Engineering |
||
| 300 | _a130 | ||
| 500 | _aDevelopment and Evaluation of a Continuous Cocoa Pod Breaker | ||
| 520 | _aDevelopment and Evaluation of a Continuous Cocoa Pod Breaker | ||
| 700 |
_aDr. Rajesh G.K (Guide) _93598 |
||
| 856 | _uhttps://drive.google.com/open?id=1QpybN7YaO9yLnpUpZnYUaPbWp_3V_vLN | ||
| 942 | _cTH | ||